000 01967cam a22003375a 4500
001 015540701
003 OSt
005 20160721135931.0
008 100421s2010 enk frb 001 0 eng|d
015 _aGBB055294
_2bnb
016 7 _a015540701
_2Uk
020 _a023023044X (pbk.)
020 _a9780230230446 (pbk.)
040 _aStDuBDS
_beng
_cStDuBDS
_dEG-ScBUE
082 0 4 _a343.41078624
_222
_bADR
100 1 _aAdriaanse, John.
_940388
245 1 0 _aConstruction contract law :
_bthe essentials /
_cJohn Adriaanse.
250 _a3rd ed.
260 _aBasingstoke, Hampshire :
_bPalgrave Macmillan / Macmillan Publishers Limited,
_cc.2010.
300 _axxxv, 404 p. ;
_c24 cm.
500 _aIndex : p. 398-404.
504 _aBibliography : p. 394-397.
505 _aThe nature of construction contracts -- Outline of the law of obligations -- The formation of construction contracts -- Consideration -- The role of the architect and the engineer -- The main obligations of the contractor -- The main obligations of the employer -- Time and provisions for the delay -- Variations and the right to payment -- Payment and certification -- Subcontracting -- Supply contracts -- Design liability of professionals and contractors -- Liabilities post-completion -- Determination and damages -- Methods of dispute resolution.
520 _aCovering the essentials of the subject, including how the law has developed, the reasoning behind key contract clauses and how contract law is applied in practice, this is an invaluable guide for students at undergraduate and postgraduate level. Thoroughly updated, it now includes amendments to the Housing Grants, Construction and Regeneration Act.
650 7 _aConstruction contracts
_zGreat Britain.
_2BUEsh
_912257
651 _2BUEsh
653 _bLLAAWW
_cJuly2016
942 _2ddc
_e22
_k343.41078624 ADR
999 _c22001
_d21973